| 000 | 00780nam a22002417a 4500 | ||
|---|---|---|---|
| 999 |
_c106948 _d106948 |
||
| 005 | 20200131143315.0 | ||
| 010 | _aA-374675 | ||
| 020 | _c18.00 | ||
| 035 | _aA-374675 | ||
| 037 | _bCen Lib/Ret | ||
| 082 | _a840.8 | ||
| 100 | _aظفر احمد نظامی | ||
| 245 |
_aمولانا آزاد کی کہانی / _cظفر احمد نظامی |
||
| 246 |
_aMaulana Azad ki Kahani / _bby Zafar Ahmad Nizami |
||
| 260 |
_aنیی دہلی _bمقتبہ پیام تعلیم _c1988 ء |
||
| 270 |
_bنیی دہلی _aجامعی نگر _e110025 |
||
| 300 |
_a104p. _c19cm(Hb) |
||
| 650 | _aاردو ادب | ||
| 650 | _aاردو سوانے عمری | ||
| 650 | _aUrdu literature | ||
| 650 | _aUrdu biography | ||
| 942 |
_2ddc _cUR _h840.8 _mا ب و |
||